000 00245nam a2200097Ia 4500
001 1207305
005 20250827022822.0
008 250824s9999 xx 000 0 und d
245 0 _aSUSKUNLAR
_cİHSAN OKTAY ANAR
260 _bİLETİŞİM YAYINLARI
999 _c1207305
_d1207305